<?xml version="1.0" encoding="UTF-8"?>
<collection xmlns="http://www.loc.gov/MARC21/slim">
 <record>
  <leader>01171naa a2200229 i 4500</leader>
  <controlfield tag="001">acta89145</controlfield>
  <controlfield tag="005">20251204080758.0</controlfield>
  <controlfield tag="008">251204s2025    hu      o     100   hun d</controlfield>
  <datafield tag="040" ind1=" " ind2=" ">
   <subfield code="a">SZTE Egyetemi Kiadványok Repozitórium</subfield>
   <subfield code="b">hun</subfield>
  </datafield>
  <datafield tag="041" ind1=" " ind2=" ">
   <subfield code="a">hun</subfield>
  </datafield>
  <datafield tag="100" ind1="1" ind2=" ">
   <subfield code="a">Rádóczi Gergő</subfield>
  </datafield>
  <datafield tag="245" ind1="1" ind2="0">
   <subfield code="a">Oktatási célú áramkörök fejlesztése az elektronikai készségek oktatásának az elősegítésére </subfield>
   <subfield code="h">[elektronikus dokumentum] :</subfield>
   <subfield code="b">[absztrakt] /</subfield>
   <subfield code="c"> Rádóczi Gergő</subfield>
  </datafield>
  <datafield tag="260" ind1=" " ind2=" ">
   <subfield code="a">Szegedi Tudományegyetem Móra Ferenc Szakkollégium</subfield>
   <subfield code="b">Szeged</subfield>
   <subfield code="c">2025</subfield>
  </datafield>
  <datafield tag="300" ind1=" " ind2=" ">
   <subfield code="a">101</subfield>
  </datafield>
  <datafield tag="490" ind1="0" ind2=" ">
   <subfield code="a">Móra Kárpát-medencei Interdiszciplináris Szakkollégiumi Konferencia</subfield>
   <subfield code="v">9</subfield>
  </datafield>
  <datafield tag="650" ind1=" " ind2="4">
   <subfield code="a">Természettudományok</subfield>
  </datafield>
  <datafield tag="650" ind1=" " ind2="4">
   <subfield code="a">Számítás- és információtudomány</subfield>
  </datafield>
  <datafield tag="650" ind1=" " ind2="4">
   <subfield code="a">Műszaki és technológiai tudományok</subfield>
  </datafield>
  <datafield tag="650" ind1=" " ind2="4">
   <subfield code="a">Villamosmérnöki és informatikai tudományok</subfield>
  </datafield>
  <datafield tag="695" ind1=" " ind2=" ">
   <subfield code="a">Áramkör - elektronikus - előadáskivonat, Elektronikus ismeretek tanítása - előadáskivonat</subfield>
  </datafield>
  <datafield tag="711" ind1=" " ind2=" ">
   <subfield code="a">IX. Móra Kárpát-medencei Interdiszciplináris Szakkollégiumi Konferencia</subfield>
   <subfield code="c">Szeged</subfield>
   <subfield code="d">2025. november 21-23.</subfield>
  </datafield>
  <datafield tag="856" ind1="4" ind2="0">
   <subfield code="u">http://acta.bibl.u-szeged.hu/89145/1/morakonf_2025_101.pdf</subfield>
   <subfield code="z">Dokumentum-elérés </subfield>
  </datafield>
 </record>
</collection>
